| 000 | 00444nam a2200133Ia 4500 | ||
|---|---|---|---|
| 008 | 260210s9999 xx 000 0 und d | ||
| 024 | _a10B-51-BS, 10B-59-BS & 10B-70-BS | ||
| 082 | _a004.072 ZUL | ||
| 100 | _aZulqarnain Jalil, Muhammad Abid & Mehmood Ahmed | ||
| 245 | 0 | _aISP Billing and Monitoring System (code book) | |
| 260 |
_aKarachi: _bUITU, _c2010 |
||
| 600 | _aComputer Science | ||
| 650 | _aBachelor of Computer Science (BS) | ||
| 999 |
_c32136 _d32136 |
||